000 00645nam a22002057a 4500
003 koha_MIRAKIL
005 20260416101528.0
008 260416b tur||||| |||| 00| 0 tur d
020 _a9786054482122
040 _aTR-IsEVY
_btur
_cTR-IsEVY
082 _aFIC BUS/S
100 _aBussell, Darcey
245 0 _aSihirli balerin:
_bDefne ve cam ayakkabılar /
_cDarcey Bussell ; çizimler Katie May.
260 _aİstanbul :
_bArtemis Yayınları,
_c2011.
300 _a96 s. :
_bresimli ;
_c20 cm.
490 0 _aSihirli Balerin ; 4.
650 _aÇocuk edebiyatı.
_vÇocuk Romanı.
700 1 _aMay, Katie.
_cresimleyen.
942 _2ddc
_cBK
999 _c23498
_d23498